<?xml version="1.0" encoding="UTF-8"?>
<record
    xmlns:xsi="http://www.w3.org/2001/XMLSchema-instance"
    xsi:schemaLocation="http://www.loc.gov/MARC21/slim http://www.loc.gov/standards/marcxml/schema/MARC21slim.xsd"
    xmlns="http://www.loc.gov/MARC21/slim">

  <leader>00521nam a22001817a 4500</leader>
  <controlfield tag="003">UA-OsUOA</controlfield>
  <controlfield tag="001"> 10712 </controlfield>
  <controlfield tag="007">ta</controlfield>
  <controlfield tag="008">20050203b un ||||| |||| 00| 0 ukr d</controlfield>
  <datafield tag="100" ind1=" " ind2=" ">
    <subfield code="a">&#x41D;&#x43E;&#x432;&#x456;&#x43A;&#x43E;&#x432; &#x412;.</subfield>
  </datafield>
  <datafield tag="942" ind1=" " ind2=" ">
    <subfield code="c">SA</subfield>
  </datafield>
  <datafield tag="040" ind1=" " ind2=" ">
    <subfield code="a">UA-OsUOA</subfield>
    <subfield code="c">UA-OsUOA</subfield>
    <subfield code="d">UA-OsUOA</subfield>
  </datafield>
  <datafield tag="245" ind1=" " ind2=" ">
    <subfield code="a">&#x406;&#x43C;&#x43F;&#x435;&#x440;&#x430;&#x442;&#x438;&#x432;&#x438; &#x440;&#x43E;&#x437;&#x432;&#x438;&#x442;&#x43A;&#x443; &#x435;&#x444;&#x435;&#x43A;&#x442;&#x438;&#x432;&#x43D;&#x43E;&#x433;&#x43E; &#x441;&#x43E;&#x446;&#x456;&#x430;&#x43B;&#x44C;&#x43D;&#x43E;&#x433;&#x43E; &#x43F;&#x430;&#x442;&#x440;&#x43D;&#x435;&#x440;&#x441;&#x442;&#x432;&#x430;</subfield>
  </datafield>
  <datafield tag="300" ind1=" " ind2=" ">
    <subfield code="a">&#x421;.80-85</subfield>
  </datafield>
  <datafield tag="955" ind1=" " ind2=" ">
    <subfield code="a">0</subfield>
  </datafield>
  <datafield tag="773" ind1="0" ind2=" ">
    <subfield code="w">0</subfield>
    <subfield code="t">&#x415;&#x43A;&#x43E;&#x43D;&#x43E;&#x43C;&#x456;&#x43A;&#x430; &#x423;&#x43A;&#x440;&#x430;&#x457;&#x43D;&#x438;</subfield>
    <subfield code="d">&#x41A;&#x438;&#x457;&#x432;</subfield>
    <subfield code="d">2005</subfield>
    <subfield code="g">&#x2116;1</subfield>
  </datafield>
  <datafield tag="650" ind1=" " ind2="7">
    <subfield code="2">UDC</subfield>
  </datafield>
  <datafield tag="999" ind1=" " ind2=" ">
    <subfield code="c">296873</subfield>
    <subfield code="d">296873</subfield>
  </datafield>
</record>
